Fast & Furious: Movie Directors - Statistics

General Stats
  • This quiz has been taken 15 times
  • The average score is 4 of 7
Answer Stats
Answer % Correct
Justin Lin
92%
James Wan
83%
Rob Cohen
67%
F. Gary Gray
58%
John Singleton
50%
David Leitch
42%
Louis Leterrier
33%
No matching quizzes found
Score Distribution
Percent of People with Each Score
Percentile by Number Answered
Your Score History
You have not taken this quiz